Metodická činnosť v oblasti ochrany finančných spotrebiteľov

Novelou zákona č. 747/2004 Z. z. o dohľade nad finančným trhom a o zmene a doplnení niektorých zákonov sa rozšírila pôsobnosť Národnej banky Slovenska na oblasť ochrany finančných spotrebiteľov. Ochrana finančných spotrebiteľov je súčasťou dohľadu nad finančným trhom a môže využívať obvyklé nástroje...

Descrizione completa

Salvato in:
Dettagli Bibliografici
Autore principale: Magyar, Marek
Natura: Capitolo di libro
Lingua:slovacco
Soggetti:
Tags: Aggiungi Tag
Nessun Tag, puoi essere il primo ad aggiungerne!!

MARC

LEADER 00000naa a2200000 4500
001 0204821
005 20221019164538.4
041 0 |a slo 
044 |a SK 
245 1 0 |a Metodická činnosť v oblasti ochrany finančných spotrebiteľov  |c Marek Magyar 
520 |a Novelou zákona č. 747/2004 Z. z. o dohľade nad finančným trhom a o zmene a doplnení niektorých zákonov sa rozšírila pôsobnosť Národnej banky Slovenska na oblasť ochrany finančných spotrebiteľov. Ochrana finančných spotrebiteľov je súčasťou dohľadu nad finančným trhom a môže využívať obvyklé nástroje dohľadu, ako aj nové inštitúty určené špeciálne pre túto oblasť. Jedným zo štandardných nástrojov dohľadu je vydávanie stanovísk, metodických usmernení a odporúčaní. Metodická činnosť má pomáhať dohliadaným subjektom pri vykonávaní ich činností a laickej verejnosti môže priblížiť postoj Národnej banky Slovenska k produktom a službám finančného trhu. Cieľom týchto aktov je súčasne určenie kritérií, ktoré budú pri výkone dohľadu predmetom preskúmania. Zámery Národnej banky Slovenska v metodickej činnosti a ich demonštrácia na konkrétnych vydaných metodických usmerneniach a stanoviskách. 
610 2 0 |a dohľad bankový 
610 2 0 |a trh finančný 
610 2 0 |a spotrebitelia 
610 2 0 |a ochrana spotrebiteľa 
610 2 0 |a dohľad nad finančným trhom 
100 1 |a Magyar, Marek